Top 10 Football Clubs With The Most Domestic League Titles (only European clubs) - Statistics

General Stats
  • This quiz has been taken 656 times
  • The average score is 4 of 10
Answer Stats
Titles Club % Correct
32 Real Madrid
90%
30 Juventus
69%
54 Rangers
60%
33 Ajax
56%
33 Benfica
55%
42 Olympiacos
34%
33 Anderlecht
31%
32 Rapid Vienna
13%
51 Linfield
10%
31 CSKA Sofia
9%
No matching quizzes found
Score Distribution
Percent of People with Each Score
Percentile by Number Answered
Your Score History
You have not taken this quiz